00880nam a2200253Ia 4500952010900000999001700109005001700126008004100143020001500184050002100199100002900220245008900249250001800338260003100356300001800387336001000405337001400415338001200429504002900441519006900470650003800539650003700577942001200614 00104070a22b22d2009-08-03l4oHF1717 M47 2006p06 000081r2017-06-28s2016-04-25t1w2012-06-26yLB c65047d6504720231102150854.0120626s2006 mx 000 0 spa d a9681866444 aHF1717bM47 2006 aMercado, Salvadoreautor aComercio internacional IIb: incluye tratados de libre comercio c/ Salvador Mercado a7a. edición aMéxicob: Limusac, 2006 a568 páginas atexto asin medio avolumen aBibliografìa p.567-568 aMaterial Complementario /bComercio Internacional /d(06 000081) aCOMERCIOyRELACIONES ECONÓMICAS aCOMERCIO INTERNACIONALyTRATADOS cLB2lcc